000 00587nam a2200229Ia 4500
003 OSt
005 20221006164453.0
006 a|||||r|||| 00| 0
007 ta
008 221006b |||||||| |||| 00| 0 eng d
024 _a983
037 _cTextual
040 _aFML
_cFML
_beng
041 _2eng
_aeng
082 _aQ1, M6
100 _aHoward Wayne Au.
_9676946
245 0 _aVeda Recitation In Varanasi
260 _aNew Delhi
_bMotilal Banarasidas
_c1986
300 _a401
_ccm.
942 _hQ1, M6
_cTEXL
_2CC
999 _c1117383
_d1117383